MCQS IN DENTISTRY (CLINICAL SCIENCE) (Record no. 2803)

MARC details
000 -LEADER
fixed length control field 00358nam a2200145Ia 4500
008 - FIXED-LENGTH DATA ELEMENTS--GENERAL INFORMATION
fixed length control field 150201s2003 xx 000 0 und d
082 ## - DEWEY DECIMAL CLASSIFICATION NUMBER
Classification number 617.6
Item number D2003S
100 ## - MAIN ENTRY--PERSONAL NAME
Personal name VIJAY P. SINGH
245 ## - TITLE STATEMENT
Title MCQS IN DENTISTRY (CLINICAL SCIENCE)
250 ## - EDITION STATEMENT
Edition statement 1ST
260 ## - PUBLICATION, DISTRIBUTION, ETC. (IMPRINT)
Name of publisher, distributor, etc. AITBS
Place of publication, distribution, etc. DELHI
Date of publication, distribution, etc. 2003
300 ## - PHYSICAL DESCRIPTION
Extent 1-400
650 ## - SUBJECT ADDED ENTRY--TOPICAL TERM
Topical term or geographic name as entry element GENERAL DENTISTRY
942 ## - ADDED ENTRY ELEMENTS (KOHA)
Source of classification or shelving scheme Dewey Decimal Classification
Koha item type Books
Koha issues (borrowed), all copies 1
Holdings
Withdrawn status Lost status Source of classification or shelving scheme Damaged status Not for loan Home library Current library Date acquired Source of acquisition Cost, normal purchase price Serial Enumeration / chronology SGTU Bill Number Total Checkouts Full call number Barcode Date last seen Bill Date Koha item type Date last checked out
    Dewey Decimal Classification     SGT Dental Library SGT Dental Library 13/07/2003 U.B.S.DELHI 240.00 1 SGTU 279   617.6 D2003S FD1300 09/02/2015 23/02/2012 Books  
    Dewey Decimal Classification     SGT Dental Library SGT Dental Library 13/07/2003 U.B.S.DELHI 240.00 1 SGTU 279   617.6 D2003S FD1301 09/02/2015 23/02/2012 Books  
    Dewey Decimal Classification     SGT Dental Library SGT Dental Library 13/07/2003 U.B.S.DELHI 240.00 1 SGTU 279 1 617.6 D2003S FD1302 12/01/2024 23/02/2012 Books 12/01/2024
    Dewey Decimal Classification     SGT Dental Library SGT Dental Library 13/07/2003 U.B.S.DELHI 240.00 1 SGTU 279   617.6 D2003S FD1303 09/02/2015 23/02/2012 Books  
    Dewey Decimal Classification     SGT Dental Library SGT Dental Library 13/07/2003 U.B.S.DELHI 240.00 1 SGTU 279   617.6 D2003S FD1304 09/02/2015 23/02/2012 Books